Saudagar besar dari Kuala Lumpur

Bibliographic Details
Main Author: Wan Muhammad Zaini B. Wan Hassan
Format: Book
Published: Selangor : Marshall Cavendish (Malaysia) Sdn. Bhd , 2008
Series:Kupasan grafikal Kesusasteraan Melayu STPM
Subjects:

MARC

LEADER 00000cam a2200000 7i4500
001 0000022382
005 20080727.0
008 080727
020 |a 9833347215 
090 0 0 |a 899.2809   |b WAN 
100 0 |a Wan Muhammad Zaini B. Wan Hassan 
245 1 0 |a Saudagar besar dari Kuala Lumpur   |c Wan Muhammad Zaini B. Wan Hassan 
260 |a Selangor :   |b Marshall Cavendish (Malaysia) Sdn. Bhd ,   |c 2008 
440 |a Kupasan grafikal Kesusasteraan Melayu STPM 
650 0 |a Malay literature   |x History and criticism 
650 0 |a Malay prose literature   |x History and criticism 
999 |a 0001035962   |b Book   |c REFERENCE   |e Perbadanan Perpustakaan Awam Johor 
999 |a 0001035963   |b Book   |c REFERENCE   |e Perbadanan Perpustakaan Awam Johor 
999 |a 0001035964   |b Book   |c REFERENCE   |e Perbadanan Perpustakaan Awam Johor 
999 |a 0001035965   |b Book   |c REFERENCE   |e Perbadanan Perpustakaan Awam Johor 
999 |a 0001035966   |b Book   |c Teenagers   |e Perbadanan Perpustakaan Awam Johor